2012 Song Lyrics - Statistics

General Stats
  • This quiz has been taken 979 times
  • The average score is 6 of 27
Answer Stats
Hint Answer % Correct
I threw a wish in the well, don't ask me I'll never tell Call Me Maybe
94%
Give me a second, I need to get my story straight, my friends are in the bathroom getting higher than the empire state We Are Young
59%
Lets go crazy crazy crazy till we see the sun Live While We're Young
53%
You're a shooting star I see, a vision of ecstacy, when you hold me I'm alive Diamonds
46%
Hey ho, there she goes, a little too high a little too low Candy
41%
I'm feeling sexy and free, like glitter's raining on me Domino
40%
Why does it feel so good but hurt so bad? My mind keeps saying run as fast as you can Troublemaker
31%
I know it's hard to remember, the people we used to be Payphone
28%
We getting hotter and hotter, sexy and hotter lets shut it down Pound the Alarm
26%
Good morning and good night, I wake up at twilight Good Time
25%
When the sun sets baby on the avenue, I get that drunk sex feeling yeah when i'm with you How We Do
16%
You bring me to my knees, you make me testify, you can make a sinner change his ways Locked Out Of Heaven
15%
Give a little time to me, we'll burn this out, we'll play hide and seek Give Me Love
14%
I think I've finally had enough, I think I maybe think too much Blow me one last kiss
11%
So this is what you meant when you said that you were spent It's Time
11%
I was in the dark, I was falling hard with an open heart Wide Awake
9%
So I put my faith in something unknown Sweet Nothing
7%
Walk, walk on over there because I'm too fly to care. Oh Yeah. Wings
7%
Hey I can be the answer, I'm ready to dance when the vamp up 212
5%
How charming you still rapper. Load them up and eat that snapper Bom Bom
4%
I want to put my hands on her hands, feel the heat from her skin I Found You
3%
Hands up High, we're burning up the sky, we got the dancefloor crazy, got the club on fire She Doesn't Mind
3%
Standing in the light 'till it's over, out of our minds We'll Be Coming Back
3%
All I want to do is hide, but I can't stop myself from staring, wishing his hands were mine, I can't stop myself from caring Standing in the Dark
2%
I won't give you my heart because it don't break twice Under The Sun
2%
Coming in with a sound fresher than cut grass, fun starts Mama Do the Hump
1%
We can see forever from up here, as long as we're together have no fear Turn Around
1%
No matching quizzes found
Score Distribution
Percent of People with Each Score
Percentile by Number Answered
Your Score History
You have not taken this quiz